[Event "Olympiad Women 2024"]
[Site "Budapest HUN"]
[Date "2024.09.14"]
[Round "4.58"]
[Board "1"]
[White "Sakai, Azumi"]
[Black "Jacobs, Annelaine"]
[Result "1-0"]
[WhiteElo "1871"]
[BlackElo "1763"]
[PlyCount "99"]
[EventDate "2024.09.11"]
[WhiteTeam "Japan"]
[BlackTeam "Aruba"]
[WhiteTeamCountry "JPN"]
[BlackTeamCountry "ARN"]

1. d4 Nf6 2. c4 g6 3. Nc3 Bg7 4. e4 d6 5. Nf3 O-O 6. Be2 Nbd7 7. Bg5 c6 8. O-O Qc7 ({RR} 8... d5 9. exd5 cxd5 10. Re1 Ne4 11. Bh4 Ndf6 12. Nxd5 Nxd5 13. cxd5 Nf6 14. Bc4 b5 15. Bxb5 Qxd5 16. Qb3 Qxb3 17. axb3 e6 18. Bg3 Bb7 19. Ne5 Rfc8 20. Nc4 a6 21. Ba4 Ne4 22. Nb6 Nxg3 23. hxg3 {1-0 Lerner,K (2515)-Itkis,B (2295) URS Cup rapid 1988 (1)}) 9. d5 ({RR} 9. h3 e5 10. d5 Nc5 11. Nd2 a5 12. b3 h6 13. Bh4 Nh7 14. a3 f5 15. exf5 gxf5 16. b4 e4 17. bxc5 Bxc3 18. cxd6 Qxd6 19. Rb1 Be5 20. c5 Qxc5 21. Nc4 Qd4 22. Qc1 Bg7 23. Nb6 Ra7 {1-0 Garabano,G (2062)-Carrizo,V (1547) General Pico Anconetani Memorial 5th 2022 (1)}) 9... Nc5 $146 ({RR} 9... h6 10. Bh4 g5 11. Bg3 Nh5 12. Qc2 Nxg3 13. hxg3 g4 14. Nh4 Ne5 15. f4 gxf3 16. gxf3 h5 17. Kf2 Bh6 18. Rg1 Qb6+ 19. Kg2 Qc5 20. dxc6 Nxc6 21. Nf5 Bxf5 22. exf5 Nd4 23. Qe4 Nxf5 24. Bd3 {0-1 Renka,S-Blazeka,D (1947) CRO-chT U20 17th 2008 (8)}) ({RR} 9... a6 10. Bf4 Nc5 11. e5 Nfe4 12. exd6 exd6 13. Nxe4 Nxe4 14. Qc2 Bf5 15. Bd3 cxd5 16. cxd5 Qxc2 17. Bxc2 Rfe8 18. Rab1 Rac8 19. Bxe4 Bxe4 20. Rfc1 Rxc1+ 21. Rxc1 Bxd5 22. Bxd6 Bxf3 23. gxf3 Bxb2 24. Rb1 {0-1 Spivak,M-Trueman,F (1539) Winnipeg TNT January op 2015 (2.4)}) ({RR} 9... h6 10. Bh4 Nc5 11. Nd2 a5 12. Qc2 Ng4 13. h3 Ne5 14. f4 g5 15. fxg5 Ng6 16. gxh6 Bxc3 17. Qxc3 f6 18. Bh5 Kh7 19. Bxg6+ Kxg6 20. Qg3+ Kxh6 21. Bg5+ fxg5 22. Rxf8 Qb6 23. Qe3 Qxb2 24. Raf1 {1-0 Lobo Rodriguez,J (2261)-Lloveras Hernanz,J Asturias-ch Oviedo 2003 (1.14)}) 10. Nd2 a5 11. Qc2 e5 12. a3 a4 13. Be3 Nfd7 14. b4 axb3 15. Nxb3 Nxb3 16. Qxb3 f5 17. f3 f4 18. Bf2 Kh8 19. Rfb1 Qd8 20. Na4 c5 21. Qc2 g5 22. Nc3 h5 23. Nb5 Nf6 24. h3 Rf7 25. Rb3 Bf8 26. a4 g4 27. fxg4 hxg4 28. hxg4 Bxg4 29. Bh4 Qd7 30. Kf2 Kg8 31. Bxf6 Rxf6 32. Bxg4 Qxg4 33. Qe2 Qh4+ 34. Kg1 Rg6 35. Qf2 Rg3 36. Raa3 Rg4 37. Qxh4 Rxh4 38. Nc7 Ra7 39. Rb6 Rh7 40. Ne6 Rd7 41. Ng5 Be7 42. Nf3 Bd8 43. Rbb3 Ba5 44. Nh4 Bb4 45. Ra2 Ba5 46. Nf5 Bc7 47. g3 fxg3 48. Rxg3+ Kh8 49. Rh2+ Rh7 50. Nh6 1-0

[Event "Olympiad Women 2024"]
[Site "Budapest HUN"]
[Date "2024.09.14"]
[Round "4.58"]
[Board "4"]
[White "Cabral, Sylvi"]
[Black "Takayasu, Melody"]
[Result "0-1"]
[WhiteElo "1471"]
[BlackElo "1768"]
[PlyCount "68"]
[EventDate "2024.09.11"]
[WhiteTeam "Aruba"]
[BlackTeam "Japan"]
[WhiteTeamCountry "ARN"]
[BlackTeamCountry "JPN"]

1. e4 c5 2. Nf3 d6 3. Bb5+ Nd7 4. O-O a6 5. Bxd7+ Bxd7 6. c4 Nf6 ({RR} 6... b5 7. b3 e5 8. Nc3 g6 9. d3 Bg7 10. Nd5 h6 11. b4 cxb4 12. Be3 Rb8 13. c5 Nf6 14. Nxb4 a5 15. c6 axb4 16. cxd7+ {½-½ Rozentalis,E (2622)-Georgiev,K (2648) Padova op-A 16th 2013 (8)}) 7. d3 ({RR} 7. Nc3 g6 8. d3 Bg7 9. h3 O-O 10. Nh2 b5 11. f4 Bc6 12. Qe1 Nd7 13. Nf3 e6 14. Rb1 Qe7 15. b3 Rae8 16. Bb2 f5 17. e5 dxe5 18. Nxe5 Nxe5 19. fxe5 Qd7 20. Qe3 Rc8 21. Rbd1 Rfd8 {0-1 Rosmait,E (1812)-Heinemann,J (2296) Frauenbundesliga 2023-24 (5.6)}) 7... e6 8. Nc3 Be7 9. Be3 $146 ({RR} 9. Bg5 O-O 10. Qe2 h6 11. Bxf6 Bxf6 12. e5 dxe5 13. Ne4 b6 14. Nxf6+ Qxf6 15. Qxe5 Qxe5 16. Nxe5 Rfd8 17. Rad1 Be8 18. d4 cxd4 19. Nf3 Rac8 20. b3 b5 21. Rxd4 Rxd4 22. Nxd4 bxc4 23. Rc1 Kf8 {1-0 Curriah,M (2043)-Nastore,P (2234) Titled Tuesday intern op 18th Aug blitz 2020 (7)}) ({RR} 9. Qe2 O-O 10. Rd1 b5 11. b3 b4 12. Nb1 e5 13. Nbd2 Nh5 14. Nf1 Bf6 15. Ne3 Nf4 16. Qf1 g6 17. Nd5 Bg4 18. Bxf4 exf4 19. Nxf6+ Qxf6 20. Qe2 g5 21. Qd2 Rfe8 22. Re1 Bh5 23. h3 a5 {0-1 Diotallevi,M (2095)-Mrdja,M (2405) Salsomaggiore Terme op 8th 2004 (4)}) ({RR} 9. a4 O-O 10. a5 Bc6 11. Nd2 d5 12. e5 Nd7 13. f4 Qc7 14. Qe2 Rad8 15. Nf3 Nb8 16. Nd2 Qd7 17. cxd5 Bxd5 18. Nc4 Bc6 19. Rd1 Bb5 20. Be3 Nc6 21. Ne4 Nd4 22. Qf2 Nb3 23. Nb6 Qc6 {0-1 Wu,H (2235)-Yoos,J (2403) Keres Memorial 34th 2009 (2)}) 9... O-O 10. h3 b5 11. b3 Bc6 12. cxb5 axb5 13. Qc2 Nd7 14. d4 Bf6 15. Rad1 Qa5 16. Rd2 Rfc8 17. Rc1 b4 18. Ne2 Bb5 19. Qd1 c4 20. bxc4 Bxc4 21. Rdc2 Ba6 22. Bd2 Rxc2 23. Rxc2 Qa4 24. Ng3 Nb6 25. Qe1 Qxc2 26. Bxb4 Nc4 27. a3 Bb7 28. Kh2 g6 29. Bxd6 Nxd6 30. e5 Be7 31. exd6 Bxd6 32. Qe3 Rxa3 33. Qh6 Bxf3 34. gxf3 Qxf2+ 0-1

[Event "Olympiad Women 2024"]
[Site "Budapest HUN"]
[Date "2024.09.14"]
[Round "4.60"]
[Board "1"]
[White "Sawan, Eman"]
[Black "Jambo, Linda"]
[Result "1-0"]
[WhiteElo "1972"]
[BlackElo "1629"]
[PlyCount "47"]
[EventDate "2024.09.11"]
[WhiteTeam "Palestine"]
[BlackTeam "Malawi"]
[WhiteTeamCountry "PLE"]
[BlackTeamCountry "MWI"]

1. e4 e5 2. Nf3 Nc6 3. Bc4 Nf6 4. d4 exd4 5. e5 Ng4 6. O-O Be7 7. Re1 O-O 8. h3 Nh6 9. Bxh6 gxh6 10. Nxd4 Nxd4 11. Qxd4 d6 12. Nc3 $146 ({RR} 12. Bd3 dxe5 13. Qxe5 Bf6 14. Qe4 Re8 15. Qxe8+ Qxe8 16. Rxe8+ Kg7 17. Nc3 a6 18. Bf5 Bxf5 19. Rxa8 Bxc2 20. Ra7 Bd4 21. Rxb7 Bb6 22. Nd5 Bg6 23. Nxb6 cxb6 24. Rxb6 Bd3 25. Rd1 Be2 26. Rd7 Bb5 {1-0 Matsuura,E (2483)-Fu,J Dos Hermanas Internet qual-D 10th blitz 2009 (5)}) ({RR} 12. exd6 Bxd6 13. Nc3 Bh2+ {0-1 Reh,R (1650)-Fabritius,N (1321) GER-ch U25 Willingen 2005 (9)}) 12... dxe5 13. Qxe5 Bf6 14. Qg3+ Bg7 15. Rad1 Qg5 16. Qf3 Bxc3 17. Qxc3 Qg7 18. Qb3 b6 19. Re3 Kh8 20. Rg3 Qf6 21. Rf3 Qg6 22. Rxf7 Rxf7 23. Bxf7 Qf6 24. Rd8+ 1-0

[Event "Olympiad Women 2024"]
[Site "Budapest HUN"]
[Date "2024.09.14"]
[Round "4.60"]
[Board "2"]
[White "Namangale, Susan"]
[Black "Hamouri, Taqwa"]
[Result "0-1"]
[WhiteElo "1521"]
[BlackElo "1845"]
[PlyCount "82"]
[EventDate "2024.09.11"]
[WhiteTeam "Malawi"]
[BlackTeam "Palestine"]
[WhiteTeamCountry "MWI"]
[BlackTeamCountry "PLE"]

1. d4 Nf6 2. c4 g6 3. Nc3 Bg7 4. Nf3 d6 5. e4 Nbd7 6. Bd3 e5 7. dxe5 ({RR} 7. O-O c6 8. h3 O-O 9. Re1 Nh5 10. d5 Nf4 11. Bf1 c5 12. g3 Nh5 13. a3 a6 14. Rb1 Qe8 15. b4 h6 16. Nh4 f5 17. exf5 gxf5 18. Be2 Ndf6 19. bxc5 dxc5 20. Na4 Qf7 21. Nb6 Rb8 {1-0 Damljanovic,B (2551)-Mrdak,M (2061) Belgrade Trophy 23rd 2010 (1)}) ({RR} 7. d5 Nc5 8. Be2 Ncxe4 9. Nxe4 Nxe4 10. Bd3 Nc5 11. Bc2 O-O 12. O-O a5 13. Be3 b6 14. Qd2 Re8 15. a3 a4 16. b4 axb3 17. Bd3 e4 18. Bg5 Qd7 19. Rfe1 Nxd3 20. Re3 Bxa1 21. Nd4 Bxd4 {0-1 Chepka,A-Fire,B (1560) 32nd EY Girls U8 2024 (2.4)}) 7... dxe5 8. Qc2 $146 ({RR} 8. O-O O-O 9. b3 c6 10. Qe2 Re8 11. h3 Nh5 12. Bc2 Nf4 13. Qe3 Nf8 14. Bb2 N8e6 15. Rad1 Qe7 16. Ne2 Ng5 17. Rd2 Nfxh3+ 18. gxh3 Nxf3+ 19. Kg2 Nxd2 20. Qxd2 Qh4 21. Qc3 Rd8 22. f4 Qxh3+ {0-1 Kardos,E-Fuster,G HUN Team-ch 1939/40}) ({RR} 8. h3 Nc5 9. Bc2 O-O 10. O-O Nh5 11. Be3 Qd6 12. Qxd6 cxd6 13. Rad1 Rd8 14. Bxc5 Be6 15. Bxd6 Bxc4 16. Rfe1 Nf4 17. Bxe5 Bxe5 18. Nxe5 Be6 19. Rxd8+ Rxd8 20. Rd1 Re8 21. Nf3 Kg7 22. Ng5 Bc8 {1-0 Roberts,M-Constable,C Jersey op Minor 2005 (1)}) ({RR} 8. O-O O-O 9. Bg5 Re8 10. Nd5 c6 11. Nxf6+ Nxf6 12. h3 Qb6 13. Qc2 Nh5 14. c5 Qc7 15. Rfd1 h6 16. Bd2 Nf4 17. Bc4 Kh8 18. a4 a5 19. Bc3 Qe7 20. Rd2 Qxc5 21. Bxf7 Rf8 22. Qb3 Qe7 {0-1 Vanegas Lopez,N (1371)-Munoz Molina,K (1032) Managua Gomez Argenal Memorial 2020 (2)}) 8... c6 9. Be3 a5 10. Rd1 O-O 11. Na4 Qe7 12. O-O h6 13. c5 Nh5 14. Nb6 Rb8 15. Be2 Nf4 16. Bc4 Kh7 17. Bb3 Ne6 18. Bxe6 Nxb6 19. cxb6 Qxe6 20. Bc5 Re8 21. b4 axb4 22. Rd6 Qg4 23. h3 Qh5 24. Nh2 Be6 25. Qb1 Bf8 26. Rfd1 Bxd6 27. Rxd6 Rbd8 28. Bxb4 Rxd6 29. Bxd6 Rd8 30. Qd3 Qg5 31. Nf3 Qc1+ 32. Kh2 Qf4+ 33. g3 Rxd6 34. gxf4 Rxd3 35. Nxe5 Rd2 36. Kg3 Rxa2 37. Ng4 Bxg4 38. hxg4 c5 39. f5 c4 40. e5 c3 41. e6 fxe6 0-1

[Event "Olympiad Women 2024"]
[Site "Budapest HUN"]
[Date "2024.09.14"]
[Round "4.61"]
[Board "1"]
[White "Spinola, Divania"]
[Black "Khan, Anastasia"]
[Result "0-1"]
[WhiteElo "1583"]
[BlackElo "1859"]
[PlyCount "32"]
[EventDate "2024.09.11"]
[WhiteTeam "Cape Verde"]
[BlackTeam "South Korea"]

1. e4 c5 2. Nf3 Nc6 3. d4 cxd4 4. Nxd4 Nf6 5. Nc3 e5 6. Nxc6 bxc6 7. Bd3 Bb4 8. Bd2 O-O 9. Na4 ({RR} 9. O-O) ({RR} 9. O-O d6 10. h3 Be6 11. Re1 Rb8 12. a3 Ba5 13. b4 Bb6 14. Na4 Nd7 15. Nxb6 axb6 16. a4 Qc7 17. Re3 Rbe8 18. Rg3 Re7 19. Bh6 f6 20. Qh5 Kh8 21. Bd2 c5 22. c3 c4 23. Bc2 Rg8 {½-½ Diaz Comas,J (1836)-Travesset Ribera,D (2107) TCh-CAT Gp2 2024 (3.10)}) 9... Bxd2+ $146 ({RR} 9... Be7 10. Bc3 Qc7 11. O-O d5 12. Qe2 Re8 13. b3 Bd6 14. Bd2 Bg4 15. f3 Bd7 16. c4 d4 17. c5 Bf8 18. Bg5 Nh5 19. Rac1 h6 20. Bd2 Be6 21. Nb2 Nf6 22. f4 exf4 23. Bxf4 Qd7 24. Bxh6 {1-0 Bahmann,J-Peter,W Darmstadt Weber Memorial op 1995}) 10. Qxd2 d5 11. exd5 cxd5 12. Be2 Ne4 13. Qe3 Qa5+ 14. Nc3 Bb7 15. f3 d4 16. Qd3 dxc3 0-1

[Event "Olympiad Women 2024"]
[Site "Budapest HUN"]
[Date "2024.09.14"]
[Round "4.61"]
[Board "4"]
[White "Kim, Sarang"]
[Black "Moreno, Akiane"]
[Result "1-0"]
[WhiteElo "1732"]
[BlackElo "1547"]
[PlyCount "55"]
[EventDate "2024.09.11"]
[WhiteTeam "South Korea"]
[BlackTeam "Cape Verde"]

1. e4 e5 2. Nf3 Nc6 3. d4 exd4 4. Bc4 Bc5 5. c3 dxc3 6. Bxf7+ Kxf7 7. Qd5+ Ke8 8. Qh5+ g6 9. Qxc5 cxb2 10. Bxb2 Qe7 $146 ({RR} 10... Nf6 11. O-O d6 12. Qc3 Rf8 13. Re1 Ng4 14. e5 Ngxe5 15. Na3 Be6 16. Qe3 Rf5 17. Nxe5 dxe5 18. f4 Qh4 19. Nb5 Rc8 20. Rac1 Qxf4 21. Qxf4 Rxf4 22. Nxc7+ Rxc7 23. Bxe5 Nxe5 24. Rxc7 Kd8 25. Rxb7 {1-0 Genzling,A (1970)-Billy,R (1710) FRA-chT 0102 U18 2001 (11.4)}) ({RR} 10... Nf6 11. e5 d6 12. exd6 cxd6 13. Qe3+ Qe7 14. Bxf6 Qxe3+ 15. fxe3 Rf8 16. Bc3 b5 17. Nbd2 Ba6 18. Ne4 Ke7 19. Rd1 Rad8 20. Bg7 Rf5 21. O-O Nb4 22. Nd4 Rxf1+ 23. Rxf1 Nd5 24. Nc6+ Kd7 25. Nxd8 {1-0 Sagafos,M (2193)-Tofte,S (2193) NOR-ch U18 Karmoy 2003 (1)}) ({RR} 10... Nf6 11. e5 d6 12. exd6 cxd6 13. Qe3+ Qe7 14. Bxf6 Qxe3+ 15. fxe3 Rf8 16. Bb2 Nb4 17. Kd2 Bf5 18. Nc3 Kd7 19. e4 Bg4 20. Rhf1 a5 21. a3 Nc6 22. h3 Bxf3 23. Rxf3 Rxf3 24. gxf3 Nd4 25. Rf1 {1-0 Recica,J (1641)-Lamprianou,D 24th ch-EUR Indiv w 2024 (9.83)}) ({RR} 10... Nf6 11. e5 d6 12. exd6 cxd6 13. Qe3+ Kd7 14. O-O Re8 15. Qh6 Qe7 16. Nc3 Kd8 17. Rfe1 Be6 18. Rad1 Rc8 19. Nb5 d5 20. Bxf6 Qxf6 21. Nd6 Kc7 22. Nxe8+ Rxe8 23. Qg5 Qxg5 24. Nxg5 Kd7 25. Nxe6 {1-0 Brudnova,J-Rudasova,M CZE-ch U14 Girls 1993 (2)}) 11. Qxe7+ Ngxe7 12. Bxh8 Nb4 13. Na3 Nec6 14. O-O d6 15. Bc3 a5 16. Nd4 Bd7 17. Nxc6 Bxc6 18. f3 Kd7 19. Bxb4 axb4 20. Nc2 Bb5 21. Rfe1 c5 22. Ne3 Ra3 23. Nd5 b3 24. axb3 Rxb3 25. Reb1 c4 26. Rxb3 cxb3 27. Rb1 Bc4 28. Nb6+ 1-0

[Event "Olympiad Women 2024"]
[Site "Budapest HUN"]
[Date "2024.09.14"]
[Round "4.62"]
[Board "2"]
[White "Al Balushi, Mariya"]
[Black "Torres Hernandez, Leslie Carolin"]
[Result "0-1"]
[WhiteElo "1561"]
[BlackElo "1891"]
[PlyCount "76"]
[EventDate "2024.09.11"]
[WhiteTeam "Oman"]
[BlackTeam "Honduras"]
[WhiteTeamCountry "OMN"]
[BlackTeamCountry "HON"]

1. e4 e5 2. Nf3 Nc6 3. Bb5 Nf6 4. O-O d6 5. Re1 Be7 6. c3 O-O 7. d4 Bg4 8. h3 Bh5 9. d5 Nb8 10. Nbd2 Nbd7 $146 ({RR} 10... a6 11. Ba4 b5 12. Bc2 c5 13. dxc6 Nxc6 14. Nf1 b4 15. Bd2 bxc3 16. Bxc3 Na7 17. a4 Nc6 18. Ng3 Bxf3 19. Qxf3 g6 20. Rad1 Rb8 21. h4 Re8 22. h5 Bf8 23. Bd3 Ra8 24. hxg6 hxg6 25. Bc4 {1-0 Oriundo,H-Luque,D Cuzco-ch 1999 (7)}) ({RR} 10... h6 11. Nf1 Bg6 12. Ng3 Nbd7 13. Bd2 Rc8 14. b4 c6 15. dxc6 bxc6 16. Ba6 Rb8 17. Bd3 d5 18. Qc2 dxe4 19. Nxe4 Nxe4 20. Bxe4 Bxe4 21. Qxe4 Qc7 22. Nxe5 Nxe5 23. Qxe5 Bd6 24. Qh5 Rbe8 25. Re2 {1-0 Rohwer,P (2225)-Dias,J (1848) Titled Tue 26th Mar Late 2024 (4)}) 11. Nf1 Nc5 12. Ng3 Bg6 13. Nh4 a6 14. Bf1 Rb8 15. Nxg6 fxg6 16. h4 b5 17. h5 gxh5 18. Nxh5 Ncxe4 19. Bd3 Nxf2 20. Nxf6+ Rxf6 21. Bxh7+ Kxh7 22. Qh5+ Kg8 23. Be3 Nd3 24. Rf1 Nf4 25. Bxf4 Rxf4 26. Rxf4 exf4 27. Kf2 Bh4+ 28. Kf1 Qg5 29. Qe2 Qxd5 30. b3 Rf8 31. Rd1 Qf5 32. Qf3 Re8 33. g4 Qe5 34. Rd5 Qe1+ 35. Kg2 Re2+ 36. Kh3 Re3 37. Qxe3 Qxe3+ 38. Kxh4 f3 0-1

[Event "Olympiad Women 2024"]
[Site "Budapest HUN"]
[Date "2024.09.14"]
[Round "4.63"]
[Board "1"]
[White "Alazmi, Amani"]
[Black "Ravelomanana, Sabine"]
[Result "0-1"]
[WhiteElo "1673"]
[BlackElo "1926"]
[PlyCount "74"]
[EventDate "2024.09.11"]
[WhiteTeam "Kuwait"]
[BlackTeam "Madagascar"]
[WhiteTeamCountry "KUW"]
[BlackTeamCountry "MAD"]

1. c4 e6 2. e4 c5 3. Nc3 Nc6 4. g3 Nge7 5. Bg2 Ng6 ({RR} 5... Nd4 6. Nge2 Nec6 7. d3 d6 8. O-O g6 9. a3 Bg7 10. Rb1 O-O 11. b4 a6 12. h3 Rb8 13. Be3 b5 14. bxc5 dxc5 15. cxb5 axb5 16. Bxd4 Nxd4 17. Nxd4 Bxd4 18. Nxb5 Ba6 19. a4 Bxb5 20. Rxb5 {0-1 Meijers,V (2496)-Halkias,S (2579) Kavala op 17th 2008 (4)}) ({RR} 5... Nd4 6. Nge2 Nec6 7. O-O g6 8. h3 Bg7 9. Kh2 O-O 10. f4 d6 11. d3 a6 12. Nxd4 Nxd4 13. Ne2 Rb8 14. Nxd4 Bxd4 15. Qe2 b5 16. Rb1 Qa5 17. b3 Bb7 18. g4 Rfe8 19. f5 exf5 20. gxf5 {0-1 Joya,R-Burtasova,A (2241) Swiss Queens Wed #29 2024 (4.126)}) 6. Nge2 Be7 7. O-O h5 $146 ({RR} 7... O-O 8. d4 cxd4 9. Nxd4 d6 10. Be3 Nce5 11. b3 Bd7 12. f4 Nc6 13. Ndb5 Be8 14. Rf2 a6 15. Nd4 Nxd4 16. Bxd4 Qa5 17. Qd3 e5 18. Be3 exf4 19. gxf4 Qh5 20. Nd5 Bh4 21. Rf3 Bc6 22. Raf1 {1-0 Lemaitre,D (1620)-Mauget,J (1830) Gorges op 14th 2004 (3)}) 8. h4 b6 9. d3 Bb7 10. f4 a6 11. f5 Nge5 12. Nf4 Bxh4 13. gxh4 Qxh4 14. Nh3 f6 15. Rf4 Qg3 16. Ne2 Qxd3 17. Qxd3 Nxd3 18. Rf1 e5 19. Rd1 Ndb4 20. Rd2 Nd8 21. a3 Nbc6 22. Rb1 a5 23. b3 Nf7 24. Nc3 Nd4 25. Nd5 Bxd5 26. cxd5 Nd6 27. Kh1 h4 28. Rf2 Kf7 29. Bb2 Rac8 30. Bxd4 cxd4 31. Rbb2 Rc3 32. Kh2 Rhc8 33. Ng1 Re3 34. Rfe2 Rcc3 35. Nf3 h3 36. Bh1 Rxb3 37. Rxe3 Rxb2+ 0-1

[Event "Olympiad Women 2024"]
[Site "Budapest HUN"]
[Date "2024.09.14"]
[Round "4.63"]
[Board "2"]
[White "Raharimanana, Faratiana"]
[Black "Alazemi, Aisha"]
[Result "1-0"]
[WhiteElo "1815"]
[BlackElo "1539"]
[PlyCount "99"]
[EventDate "2024.09.11"]
[WhiteTeam "Madagascar"]
[BlackTeam "Kuwait"]
[WhiteTeamCountry "MAD"]
[BlackTeamCountry "KUW"]

1. d4 d5 2. Nf3 Nc6 3. Bf4 Bf5 4. e3 a6 5. c4 b5 $146 ({RR} 5... e6 6. a3 Nf6 7. Be2 Ne4 8. Nc3 Qd7 9. h3 Be7 10. O-O Bf6 11. Ne5 Bxe5 12. dxe5 Nxc3 13. bxc3 Ne7 14. Qb3 dxc4 15. Qxb7 O-O 16. Rfd1 Bd3 17. Qe4 Nd5 18. Bxd3 Nxc3 19. Qxh7# {1-0 Fredericks,J (997)-Briggs,R (1619) USA-chT Amateur East 2001 (1)}) ({RR} 5... e6 6. Nc3 Bd6 7. cxd5 Nb4 8. Bxd6 Nc2+ 9. Kd2 Qxd6 10. Rc1 Nb4 11. Qa4+ c6 12. e4 b5 13. Qa3 Qf4+ 14. Kd1 Bg4 15. Qxb4 Bxf3+ 16. gxf3 Qxf3+ 17. Kc2 Qxh1 18. Bxb5 Qxc1+ 19. Kxc1 cxb5 20. Qd6 {1-0 Olsen,F (2424)-Poley,V (2312) Malmo Open 2022 (5.4)}) ({RR} 5... e6 6. Nbd2 Nf6 7. Be2 Bb4 8. Rc1 O-O 9. O-O Bxd2 10. Nxd2 Qd7 11. h3 Bg6 12. Nf3 Ne4 13. Qb3 Rab8 14. Rfd1 f5 15. cxd5 exd5 16. Nh4 Bf7 17. Nf3 Kh8 18. Qa4 Qe7 19. a3 Ra8 20. Qb3 {1-0 Suaza Builes,O (1670)-Bernal Morales,M (1495) 17th American Cont Rapid 2024 (3.141)}) ({RR} 5... Nb4 6. Qa4+ Qd7 7. Qxb4 e5 8. Qxb7 Rd8 9. dxe5 dxc4 10. Nc3 Bc5 11. Bxc4 Ne7 12. Rd1 Qc8 13. Qxc8 Rxc8 14. Bxa6 Rb8 15. Rd2 O-O 16. O-O Be6 17. Nd4 Bd7 18. Bc4 Nc6 19. Nxc6 Bxc6 20. Rfd1 {1-0 Sarantopoulos,P (1240)-Peramatzis,K (1105) West Attica-ch U16 2009 (6)}) ({RR} 5... e6 6. Nc3 Bb4 7. Rc1 Nf6 8. Bd3 Bxd3 9. Qxd3 h6 10. O-O Bxc3 11. bxc3 O-O 12. Rb1 b6 13. cxd5 Nxd5 14. Bg3 Ra7 15. e4 Nde7 16. e5 Ng6 17. Rbe1 Nce7 18. Nh4 Nxh4 19. Bxh4 Qd7 20. Bxe7 {1-0 Constantinou,A-Lysandrou,M CYP-ch Cyprus 1992}) 6. cxb5 axb5 7. Bxb5 Bd7 8. Bxc6 Bxc6 9. Qc2 Ra6 10. Ne5 Qa8 11. Nc3 e6 12. O-O Nf6 13. Rfc1 Bd6 14. h3 O-O 15. a3 Rb8 16. Bh2 Be8 17. Nd3 Bxh2+ 18. Kxh2 Qc6 19. b4 Qd6+ 20. Kg1 c6 21. Nc5 Rab6 22. N3a4 Rb5 23. Qc3 Ra8 24. Nb2 Ne4 25. Nxe4 dxe4 26. Nc4 Qe7 27. Nd2 Qh4 28. Nf1 Rg5 29. Ng3 f5 30. Qe1 Bd7 31. Rc5 Rf8 32. Re5 Be8 33. a4 Bh5 34. Nxh5 Rxh5 35. f4 Qe7 36. Rc5 Rf6 37. Rxc6 h6 38. Rac1 Rg6 39. Kh2 Qf6 40. a5 Rxg2+ 41. Kxg2 Rh4 42. a6 Rxh3 43. Kxh3 Qg6 44. Qh4 Qf7 45. Rc7 Qg6 46. a7 Qg4+ 47. Qxg4 fxg4+ 48. Kxg4 h5+ 49. Kxh5 Kh7 50. Kg5 1-0

[Event "Olympiad Women 2024"]
[Site "Budapest HUN"]
[Date "2024.09.14"]
[Round "4.64"]
[Board "3"]
[White "Santiago Sontay, Jenny Fernanda"]
[Black "Forbes, Yasmin"]
[Result "1-0"]
[WhiteElo "1773"]
[BlackElo "1606"]
[PlyCount "37"]
[EventDate "2024.09.11"]
[WhiteTeam "Guatemala"]
[BlackTeam "Jersey"]
[WhiteTeamCountry "GUA"]

1. d4 d5 2. e3 Nf6 3. Bd3 c5 4. c3 e6 5. f4 Be7 6. Nf3 O-O 7. Ne5 $146 ({RR} 7. O-O b6 8. Nbd2 Bb7 9. Ne5 Ne4 10. Ndf3 Nd7 11. Nxd7 Qxd7 12. Ne5 Qc8 13. Rf3 f6 14. Ng4 e5 15. Rh3 exd4 16. exd4 Bd6 17. Be3 Qd7 18. Nf2 f5 19. Qh5 g6 20. Qh6 Rae8 21. Bxe4 dxe4 {0-1 Spychala,J-Vojan,I (2066) IBCA EU-ch blind 04th 2007 (1.36)}) ({RR} 7. O-O b6 8. Nbd2 Ba6 9. c4 dxc4 10. Nxc4 b5 11. Nce5 c4 12. Bc2 Qc7 13. Ng5 h6 14. Rf3 Nbd7 15. Rh3 Bb7 16. Ng4 Qc6 17. Nxh6+ gxh6 18. Ne4 Nxe4 19. Qg4+ Ng5 20. e4 Nf6 21. Qg3 Nfxe4 {0-1 Warlick,J (2205)-De Castro,E (2385) Olympiad-29 Novi Sad 1990 (6)}) ({RR} 7. O-O Ne4 8. Nbd2 f5 9. Ne5 Nd7 10. g4 Nxe5 11. fxe5 Bg5 12. Qe2 Bd7 13. gxf5 exf5 14. Nf3 Qe7 15. Kh1 Rae8 16. Rg1 Bh6 17. Bd2 f4 18. exf4 Nxd2 19. Nxd2 Rxf4 20. Rg3 cxd4 21. cxd4 Rxd4 {1-0 Harriott,T (1889)-Nugumanov,B (2316) Titled Tue 4th Apr Early 2023 (5)}) ({RR} 7. Nbd2 b6 8. Qe2 a5 9. Ne5 Qc7 10. Bb1 Ba6 11. Qf3 Nc6 12. Kf2 Nxe5 13. fxe5 Ne8 14. Qh3 g6 15. Re1 Ng7 16. Kg1 f5 17. exf6 Bxf6 18. Nf3 Bc8 19. Qg3 Qxg3 20. hxg3 Nf5 21. e4 Nxg3 {0-1 Paszek,K (2135)-Krysztofiak,M (2296) POL-ch U16 Zakopane 2001 (4)}) ({RR} 7. O-O c4 8. Bc2 b5 9. Ne5 Bb7 10. Nd2 Nc6 11. Nxc6 Bxc6 12. a3 a5 13. Nf3 b4 14. Ne5 Qb6 15. axb4 axb4 16. Rxa8 Rxa8 17. cxb4 Bxb4 18. Bd2 Bxd2 19. Qxd2 Ba4 20. Bxa4 Rxa4 21. Rb1 Ra2 {0-1 Podolska,A-Yargunkina,M Ilichevsk Sunny Pawn op 2007 (5)}) 7... b6 8. g4 Ba6 9. Bxa6 Nxa6 10. Nd2 h6 11. h4 Ne4 12. Nxe4 dxe4 13. g5 Nb8 14. Qh5 f6 15. Ng6 Qe8 16. gxh6 Kh7 17. Nxf8+ Qxf8 18. hxg7+ Kxg7 19. Rg1# 1-0

[Event "Olympiad Women 2024"]
[Site "Budapest HUN"]
[Date "2024.09.14"]
[Round "4.65"]
[Board "1"]
[White "Miladi, Amen"]
[Black "Sosna Mehari Abraham"]
[Result "1-0"]
[WhiteElo "1851"]
[BlackElo "1541"]
[PlyCount "73"]
[EventDate "2024.09.11"]
[WhiteTeam "Tunisia"]
[BlackTeam "Eritrea"]
[WhiteTeamCountry "TUN"]
[BlackTeamCountry "ERI"]

1. e4 {Mikhalevski,Victor} c5 2. Nf3 Nc6 3. d4 cxd4 4. Nxd4 g6 5. Nc3 Bg7 6. Be3 Nf6 7. Bc4 O-O 8. Bb3 e6 ({RR} 8... a5 9. O-O d6 10. Ndb5 b6 ({RR} 10... Bd7 11. f3 Ne5 12. a4 Rc8 13. Qe2 Be6 14. Bxe6 fxe6 15. b3 Nc6) 11. Re1 Ba6 12. a4 Rc8 13. Nd5 Nd7 14. Bg5) ({RR} 8... d6) 9. Qd2 ({RR} 9. O-O) ({RR} 9. f4 Ng4 ({RR} 9... d6 10. Qf3 ({RR} 10. Ndb5 Nxe4)) 10. Qxg4) 9... d5 ({RR} 9... Ng4 10. Bg5 Qa5 11. Nxc6 dxc6 12. Rd1) ({RR} 9... Re8 10. f3 d5 11. O-O-O a6 12. h4 Qd6 13. Nxc6 bxc6 14. e5 Qxe5 15. Bf4 Qf5 16. g4 Nxg4 17. fxg4 Qxg4 18. Rdg1 Qf5 19. Rg5 Bxc3 20. bxc3 Qf6 21. Be5 Qe7 22. Qf4 f5 23. h5 Qa3+ 24. Kb1 {1-0 Marthinussen,E (1628)-Stagno,M (1394) EU-ch U14 Girls 2019 (2)}) 10. O-O-O $146 ({RR} 10. exd5 Nxd5 11. Nxd5 exd5 12. O-O Be6 ({RR} 12... Na5 13. c3 Nc4 14. Bxc4 dxc4 15. Bh6) 13. Rfe1 Re8 14. Rad1 a6 ({RR} 14... Na5 15. Ba4 Nc4 16. Qb4 Bd7) 15. c3 Na5 16. Bh6 ({RR} 16. Bc2 Nc4) 16... Nxb3 ({RR} 16... Bf6 17. Bc2 Nc4 18. Qc1 Rc8) 17. axb3 ({RR} 17. Nxb3 Bf6 18. Be3 Rc8 19. Bd4 Bg5) 17... Bh8 18. h3 Rc8 19. Re2 Bd7 20. Rxe8+ Qxe8 21. Re1 Qd8 22. Bg5 Qc7 23. Bf4 Qc5 24. b4 Qf8 {½-½ Ivanchuk,V (2739)-Malakhov,V (2670) RUS-chT 12th 2005 (5)}) ({RR} 10. exd5 exd5 11. O-O-O Ne4 12. Nxe4 dxe4 13. Kb1 Qf6 14. c3 Na5 15. Bc2 Nc4 16. Qe2 Nxe3 17. Qxe3 Bd7 18. Bxe4 Ba4 19. Rde1 Rfe8 20. Qf3 Qe5 21. Re2 Rab8 22. Bc6 Bxc6 23. Nxc6 Qb5 24. Rxe8+ Rxe8 {1-0 Rettenmaier,R (1160)-MacIntyre,B (1636) San Francisco TNM Fall op 2008 (8)}) ({RR} 10. exd5 Nxd5 11. Nxd5 exd5 12. O-O Ne5 13. Bh6 Bxh6 14. Qxh6 Qf6 15. Qd2 Rd8 16. Rfe1 Nc4 17. Bxc4 dxc4 18. c3 Bf5 19. Qf4 Kg7 20. Nxf5+ Qxf5 21. Qxf5 gxf5 22. Rad1 Kf6 23. f4 Rac8 24. Kf2 Rxd1 {½-½ Lampert,J (2281)-Stuemer,P (2117) Bad Woerishofen op 29th 2013 (4)}) 10... Nxe4 11. Nxe4 dxe4 12. Nxc6 Qxd2+ 13. Bxd2 bxc6 14. Bb4 Re8 15. Rhe1 a5 16. Ba3 f5 17. Rd6 Ra6 18. Red1 Kf7 19. Ba4 Bf8 20. Rxc6 Rxc6 21. Bxc6 Bxa3 22. Bxe8+ Kxe8 23. bxa3 Ke7 24. Rd4 Bd7 25. Kb2 e5 26. Rd5 a4 27. Rxe5+ Kd6 28. Ra5 h5 29. Kc3 g5 30. Kd4 Ke7 31. Ke5 g4 32. g3 Be6 33. Rxa4 Bxa2 34. Ra7+ Kd8 35. Kxf5 Bd5 36. Ke5 Bc6 37. Kd6 1-0